000 00513nam a2200217Ia 4500
003 OSt
005 20220928141754.0
006 a|||||r|||| 00| 0
007 ta
008 220927b |||||||| |||| 00| 0 eng d
024 _a17578
037 _cTextual
040 _aSDCL
_cSDCL
_beng
041 _2eng
_aeng
082 _aD6515, M2
100 _aHanson Dirk
_9502155
245 0 _aNew alchemists.
260 _c1982
942 _hD6515, M2
_cTEXL
_2CC
999 _c819899
_d819899